000 00651cam a2200205 4500500
005 20260405003445.0
041 _afre
042 _adc
100 1 0 _aN’Diaye, Aïda
_eauthor
245 0 0 _aLa Grande Expérience. Les démocraties à l’épreuve de la diversité
260 _c2022.
500 _a53
690 _aCommunautarisme
690 _aDémocratie
690 _aIndividualisme
690 _aLibéralisme
690 _aYascha Mounk
786 0 _nPhilosophie magazine | 156 | 2 | 2022-02-01 | p. 63-63 | 1951-1787
856 4 1 _uhttps://shs.cairn.info/magazine-philosophie-magazine-2022-2-page-63?lang=fr&redirect-ssocas=7080
999 _c2067702
_d2067702